000 00798cam a22002293a 4500
001 10870
003 PGUSA
005 20140828083230.0
008 040101s2004||||xxu|||||s|||||000 | eng d
040 _aPGUSA
_beng
042 _adc
050 4 _aPS
100 1 _aBurgess, Gelett,
_d1866-1951
245 1 0 _aAre You a Bromide? :
_bThe Sulphitic Theory Expounded and Exemplified According to the Most Recent Researches into the Psychology of Boredom, Including Many Well-Known Bromidioms Now in Use
_h[electronic resource] /
_cGelett Burgess
260 _bProject Gutenberg,
_c2004
506 _aPublic domain in the USA.
516 _aElectronic text
653 _aAmerican wit and humor
830 0 _aProject Gutenberg
_v10870
856 4 0 _uhttp://www.gutenberg.org/ebooks/10870
942 _cEB
999 _c240125
_d240125